000 00252nam a2200085Ia 4500
245 0 _aIf I only knew then : learning from our mistakes
100 _a Grodin, Charles London, 2009
_996095
942 _cBK
008 210817s9999 xx 000 0 und d
999 _c402426
_d402425